Statistics for Countries that split from Great Britain

Click here to take the quiz!

General Stats

  • This quiz has been taken 48 times
  • The average score is 45 of 66

Answer Stats

YearName of Country% Correct
1776United States of America
95%
1901Australia
93%
1867Canada
93%
1947India
93%
1931New Zealand
93%
1922Ireland
88%
1961South Africa
88%
1962Jamaica
84%
1963Kenya
84%
1966Barbados
81%
1947Pakistan
81%
1983Saint Kitts and Nevis
81%
1957Ghana
79%
1962Uganda
79%
1970Fiji
77%
1960Nigeria
77%
1979Saint Vincent and the Grenadines
77%
1961Tanzania
77%
1973The Bahamas
77%
1962Trinidad and Tobago
77%
1922Egypt
74%
1956Sudan
74%
1948Myanmar
70%
1979Saint Lucia
70%
1948Sri Lanka
70%
1981Antigua and Barbuda
67%
1966Botswana
67%
1960Cyprus
67%
1948Israel
67%
1978Tuvalu
67%
1964Zambia
67%
1980Zimbabwe
67%
1978Dominica
65%
1974Grenada
65%
1997Hong Kong Territories
65%
1964Malta
65%
1951Oman
65%
1971Qatar
65%
1959Singapore
65%
1980Vanuatu
65%
1919Afghanistan
63%
1968Eswatini
63%
1979Kiribati
63%
1966Lesotho
63%
1957Malaysia
63%
1971United Arab Emirates
63%
1967Yemen
63%
1981Belize
60%
1932Iraq
60%
1961Kuwait
60%
1976Seychelles
60%
1978Solomon Islands
60%
1971Bahrain
58%
1966Guyana
58%
1964Malawi
58%
1965The Gambia
58%
1970Tonga
58%
1961Cameroon
56%
1946Jordan
56%
1961Sierra Leone
56%
1968Nauru
53%
1984Brunei
51%
1965Maldives
49%
1951Libya
42%
1948Palestine Territories
26%
1968Mauritus
7%

Score Distribution

Percentile by Number Answered

Percent of People with Each Score

Your Score History

You have not taken this quiz